Standard methods for the examination of water and wastewater
Guardat en:
| Autor corporatiu: | |
|---|---|
| Format: | Llibre |
| Idioma: | anglès |
| Publicat: |
Washington, D.C
American Public Health Association
1995
|
| Edició: | 19a. ed |
| Matèries: | |
| Etiquetes: |
Afegir etiqueta
Sense etiquetes, Sigues el primer a etiquetar aquest registre!
|
MARC
| LEADER | 00000nam a2200000 a 4500 | ||
|---|---|---|---|
| 001 | UCP2127 | ||
| 003 | CL-VaPUC | ||
| 008 | 990507e19950000us |||||||||||||||||eng|d | ||
| 082 | 0 | 4 | |a 628.161 |b AME |2 21 |
| 110 | 2 | |a American Public Health Association |e author |9 428629 | |
| 245 | 1 | 0 | |a Standard methods for the examination of water and wastewater |
| 250 | |a 19a. ed | ||
| 300 | |a p.irreg | ||
| 942 | |c BK | ||
| 945 | |d 19990507 00:00:00 |a rbrito | ||
| 260 | |a Washington, D.C |b American Public Health Association |c 1995 | ||
| 650 | 0 | |a Abastecimiento de agua |9 260374 | |
| 650 | 0 | |a Metales |9 260686 | |
| 650 | 7 | |a CONTAMINACION |2 CL-VaPUC |9 258139 | |
| 650 | 7 | |a PRUEBAS Y ANALISIS |2 CL-VaPUC |9 428630 | |
| 650 | 0 | |a Tratamiento de residuos |9 262890 | |
| 583 | |a last modification |c 20150430 03:27:32 |k Rodrigo Vera | ||
| 999 | |c 280716 |d 280714 | ||